000 00846nac a22002537a 4500
001 BR9904741
003 BR-BrBNA
005 20240105122315.0
008 230509b bl.|||m| |||| 00| 0 por d
040 _aBR-BrBNA
_bpor
_cBiblioteca Nacional de Agricultura
072 _aA50
090 _aA50 BR9904741
110 1 _aEmpresa Catarinense de Pesquisa Agropecuaria S.A., Florianopolis (Brasil)
_93965
245 1 _aIPA ano 50; 1935/1985 Pesquisa progresso desenvolvimento
260 3 _aRecife, PE (Brasil):
_c1985.
300 _a6 p.
490 _aDocumentos - Empresa Pernambucana de Pesquisa Agropecuaria (Brazil)
_vno. 12
_x
650 _aEmpresa Agricola
650 _aProjeto de Pesquisa
650 _aSistema de Producao
650 _aPesquisa Agricola
909 _a202312
_bLúcia Elande
_c55
_dLúcia Elande
942 _2AGRIS
_n0
_cMS
999 _c290325
_d290325